000 03342nam0a2200409 4500
001 RU\NLR\BIBL_A\011933259
005 20190405164430.0
010 _a978-5-900429-93-9
_9100
021 _aRU
_bКН-П-18-103305
_9КН-П-18-7484
035 _a(NLR Aleph) 011933259
035 _a(RuMoRGB)009856142
090 _a11049863
_c11049863
100 _a20190208d2018 k y0rusy50 ca
101 0 _arus
_deng
102 _aRU
105 _a |||z|||100zy
200 1 _aНаучно-методическое и организационное сопровождение работы с обучающимися, проявившими выдающиеся способности
_eсборник научно-методических материалов по итогам Всероссийской заочной научно-практической конференции "Научно-методическое и организационное сопровождение работы с обучающимися, проявившими выдающиеся способности", 12 декабря 2018 года, г. Ставрополь
_fМинистерство образования Ставропольского края, Государственное бюджетное учреждение дополнительного профессионального образования "Ставропольский краевой институт развития образования, повышения квалификации и переподготовки работников образования"
_g[редакционная коллегия: Ромаева Н.Б. и др.]
210 _aСтаврополь
_cСКИРО ПК и ПРО
_d2018
215 _a192 с.
_cил., табл.
_d21
300 _aРез. англ.
320 _aБиблиогр. в конце ст.
606 1 _aОдаренные дети
_xПедагогическая поддержка
_jСъезды, совещания и т.п
_2nlr_sh2
_3RU\NLR\AUTH\661576221
606 1 _aДети
_xОдаренность
_xРазвитие
_jСъезды, совещания и т.п
_2nlr_sh2
_3RU\NLR\AUTH\661496649
610 0 _aодаренные дошкольники
610 0 _aодаренные школьники
610 0 _aодаренные дети
686 1 _aЧ421.3я431
686 1 _aЮ983.724я431
702 1 _aРомаева
_bН. Б.
_gНаталья Борисовна
_4340
711 1 2 _a"Научно-методическое и организационное сопровождение работы с обучающимися, проявившими выдающиеся способности", всероссийская заочная научно-практическая конференция
_b2018
_eСтаврополь
_3RU\NLR\AUTH\880495170
712 0 2 _aСтавропольский краевой институт развития образования, повышения квалификации и переподготовки работников образования
_3RU\NLR\AUTH\880447666
_4475
942 _cBOOK
980 _aNBR
980 _aNB